The Cello - Statistics

General Stats
  • This quiz has been taken 65 times
  • The average score is 5 of 8
Answer Stats
Hints Answers % Correct
Used to transport the cello safely Case
96%
The wooden stick with hair attached to draw the sound from the instrument Bow
90%
Area where you press the fingers down Fingerboard
80%
It is used to hold the strings up Bridge
69%
Names of strings (Bottom up) C G D A
63%
The item used to keep the instrument stable Spike/Endpin
57%
The wood used to make the back and sides of the instrument Maple
16%
The wood used to make the front of the instrument Spruce
14%
No matching quizzes found
Score Distribution
Percent of People with Each Score
Percentile by Number Answered
Your Score History
You have not taken this quiz